000 01111nam a2200265Ia 4500
003 OSt
005 20201008142521.0
008 191128s1996 ck gr 000 0 spa d
040 _aCO-JMCR
_cCO-JMCR
041 0 _aspa
082 _b
082 0 4 _a658.15 /
_bA949c
_223
100 1 _aAvella G, Mauricio
_eCompilador
_911344
245 0 _aCrisis y capitalización de la industria en Colombia /
_cMauricio Avella G., compilador
250 _aPrimera edición
260 _aBogotá :
_bCentro de Investigaciones para el Desarrollo,
_c1986.
300 _a134 Páginas ;
_c23 cm.
505 0 _aLa empresa y la universidad ante la opinión pública -- Indicadores del desempeño industrial: Elementos para estudiar la organización industrial en colombia -- Rentabilidad, eficiencia y estructura finaciera de la sociedad anonima
650 2 4 _aAdministración financiera
_zColombia
_99618
650 2 4 _aCongresos
_xconferencias
_97237
650 2 4 _a Finanzas
_zColombia
_96833
650 2 4 _aDirección y administración
_zColombia
_911345
650 2 4 _aCongresos
_xconferencias
_zColombia
_96834
942 _2ddc
_cBK
999 _c3702
_d3702